| 000 | 00582nam a22001697a 4500 | ||
|---|---|---|---|
| 020 | _qHard Cover. | ||
| 082 | _a200 | ||
| 100 | _aZafar, Fahad | ||
| 245 |
_aMoSi2 Coating on Molybdenum substrate by Pack Cementation Mehtod / _bFahad Zafar |
||
| 260 |
_aIslamabad : _bSCME - NUST, _c2014. |
||
| 300 |
_axii, 47 p. ill. ; _c30cm. |
||
| 650 |
_aMS-Materials Engineering. _9129142 |
||
| 700 |
_aSupervisor: Dr. Muhammad Mujahid. _9123496 |
||
| 856 | _uhttp://10.250.8.41:8080/xmlui/handle/123456789/20225 | ||
| 942 |
_2ddc _cSC |
||
| 999 |
_c534460 _d534460 |
||